Albachiara, Vasco Rossi - Testo Completo - Statistics

Statistiche generali
  • Questo quiz è stato fatto 104 volte
    103 dall'ultimo reset
  • Il punteggio medio è 164 su 185
Statistiche sulle risposte
Testo % Corretto
l'
100%
se
100%
Ti
100%
ti
100%
come
98%
di
98%
E
98%
Sei
98%
sei
98%
alba
97%
chiara
97%
con
97%
Con
97%
non
97%
Non
97%
per
97%
Per
97%
Tu
97%
un'
97%
Un
97%
un
97%
far
95%
fresca
95%
po'
95%
Che
93%
che
93%
ne
93%
addormenti
92%
aria
92%
piano
92%
Respiri
92%
risvegli
92%
rumore
92%
sera
92%
sole
92%
attirare
90%
col
90%
la
90%
mai
90%
metti
90%
niente
90%
pensi
90%
pensieri
90%
possa
90%
svogliatamente
90%
vesti
90%
attenzione
88%
guarda
88%
quando
88%
assorta
87%
fantastica
87%
qualcuno
87%
una
87%
il
85%
Nei
85%
particolare
85%
te
85%
tuoi
85%
farti
83%
guardare
83%
mano,
83%
mano
83%
problemi
83%
rossa
83%
sfiori
83%
Diventi
82%
Solo
82%
sola
80%
stanza
80%
tutto
80%
dentro
78%
fuori
78%
mondo
78%
occhi
78%
quegli
78%
Si
78%
devi
77%
piace
77%
scuola
77%
studiare
77%
vergognare
77%
Cammini
75%
libri
75%
faccia
73%
guardi
73%
mela
73%
sinceri,
73%
sinceri
73%
sogni
73%
strada
73%
strani
73%
Mangiando
72%
pulita
72%
quello
72%
Quello
72%
troppo
72%
vede
72%
grandi
70%
Coi
68%
Forse
68%
fai
65%
volta
62%
Qualche
58%
Nessun quiz corrispondente trovato
Distribuzione punteggi
Percentuale di utenti per punteggio
Percentile per numero di risposta
I tuoi punteggi nel tempo
Non hai fatto questo quiz dall'ultimo reset